000 00275nam a2200121Ia 4500
008 241002s9999 xx 000 0 und d
082 _a808.3 KUP
100 _aKuprin, Alexander
245 0 _aYama the pit
260 _aNew York:
_c1960
600 _aLiterature
942 _cUC
999 _c18783
_d18783